Nghiên cứu khả năng tận dụng các linh kiện máy tính cũ để thiết kế KIT xử lý tín hiệu số : Báo cáo tổng kết đề tài khoa học công nghệ cấp Trường

Nội dung đề tài nghiên cứu khả năng tận dụng các linh kiện trên mainboard máy tính, biên soạn các bài tập xử lý tín hiệu số, tạo điều kiện để cán bộ giảng dạy và kỹ thuật viên CNTT nâng cao trình độ và triển khai ứng dụng trong các lĩnh v...

Descrizione completa

Salvato in:
Dettagli Bibliografici
Autore principale: Đoàn, Hòa Minh
Natura: Libro
Lingua:Undetermined
Pubblicazione: Cần Thơ Trường Đại học Cần Thơ 2005
Soggetti:
Tags: Aggiungi Tag
Nessun Tag, puoi essere il primo ad aggiungerne! !
Thư viện lưu trữ: Trung tâm Học liệu Trường Đại học Cần Thơ
LEADER 01405nam a2200229Ia 4500
001 CTU_204668
008 210402s9999 xx 000 0 und d
082 |a 621.3822 
082 |b M312 
088 |a 32/CTQLKH2003 
100 |a Đoàn, Hòa Minh 
245 0 |a Nghiên cứu khả năng tận dụng các linh kiện máy tính cũ để thiết kế KIT xử lý tín hiệu số : 
245 0 |b Báo cáo tổng kết đề tài khoa học công nghệ cấp Trường 
245 0 |c Đoàn Hòa Minh (Chủ nhiệm đề tài) 
260 |a Cần Thơ 
260 |b Trường Đại học Cần Thơ 
260 |c 2005 
520 |a Nội dung đề tài nghiên cứu khả năng tận dụng các linh kiện trên mainboard máy tính, biên soạn các bài tập xử lý tín hiệu số, tạo điều kiện để cán bộ giảng dạy và kỹ thuật viên CNTT nâng cao trình độ và triển khai ứng dụng trong các lĩnh vực như viễn thông, điều khiển tự động, y học, nhận dạng, xử lý hình ảnh và âm thanh. 
650 |a Signal processing,Xử lý tín hiệu 
650 |x Digital techniques,Kỹ thuật số 
904 |i Tuyến 
980 |a Trung tâm Học liệu Trường Đại học Cần Thơ